000 00527nam a2200205Ia 4500
003 GCL
008 140319s9999 xx 000 0 eng d
040 _aGCL /
_cGCL
082 0 4 _a751.4542
_bL P
100 1 _aLEVEILLE, PAUL
245 1 0 _aPAINTING EXPRESSIVE PORTRAITS IN OIL /
_cLEVEILLE, PAUL
260 _a[S.N] :
_bNORTH LIGHT BOOKS ،
_c1997
300 _a127 P
650 0 4 _aARTS
650 0 4 _aPAINTING
650 0 4 _aPORTRAITS
650 0 4 _aOIL - PAINTING
650 0 4 _aPORTRAITS - TECHNIQUES
942 _2ddc
_cBK
999 _c15680
_d15680